Psychologické aspekty manažérskeho rozhodovania

Behaviorálna ekonómia a interdisciplinárny prístup v manažérskom rozhodovaní. Emočné, kognitívne a sociálne sklony ľudí pri vysvetľovaní ekonomických rozhodnutí. Uvedomenie si a zvládanie psychologických aspektov rozhodovania manažérov.

Guardado en:
Detalles Bibliográficos
Autor principal: Jankelová, Nadežda, 1966-
Formato: Capítulo de libro
Lenguaje:eslovaco
Materias:
Etiquetas: Agregar Etiqueta
Sin Etiquetas, Sea el primero en etiquetar este registro!

MARC

LEADER 00000naa$a2200000$$$4500
001 0143701
005 20240502072557.6
041 0 |a slo 
044 |a SK 
245 1 0 |a Psychologické aspekty manažérskeho rozhodovania  |c Nadežda Jankelová 
520 |a Behaviorálna ekonómia a interdisciplinárny prístup v manažérskom rozhodovaní. Emočné, kognitívne a sociálne sklony ľudí pri vysvetľovaní ekonomických rozhodnutí. Uvedomenie si a zvládanie psychologických aspektov rozhodovania manažérov. 
610 2 0 |a manažment 
610 2 0 |a manažéri 
610 2 0 |a rozhodovanie manažérske 
610 2 0 |a riadenie vrcholové 
610 2 0 |a procesy rozhodovacie 
610 2 0 |a metódy riadenia 
610 2 0 |a behaviorizmus 
100 1 |a Jankelová, Nadežda, 1966-